LEADER 01339nam a2200253 i 4500 001 000000167011 003 CaOOAMICUS 005 20080205000000.0 008 080205s1980 it u000 u ita u 013 $a144382 040 $aSeMil$bita 100 1 $aAngelini, Fiorenzo .$0(OLS)http://semarc/name/12264 245 10$aGiovanni di Dio e Camillo De Lellis Santi, del nostro tempo /$cFiorenzo Angelini. 260 $a[S.l. :$bs.n.],$c1980$e(Città del Vaticano :$fTipografia Poliglotta Vaticana,$g1980) 300 $a36 p. ;$c23 cm. 500 $aA pag. 3 : Lettura nel cinquantesimo anniversario della proclamazione di S. Giovanni di Dio e S. Camillo de Lellis a Patroni degli infermieri, delle infermiere e delle loro Associazioni. - Fondo Card. Giovanni Colombo. 600 04$aGiovanni : di Dio .$0(OLS)http://semarc/subject/1523 600 14$aLellis, Camillo : de .$0(OLS)http://semarc/subject/7897 850 $aSeMil 852 $aSeMil$W1$xVenegono$y1$m5D VII 17/2$j118171$B118171$CSeMilBibl$Z2$F131181 $81 941 1 $a3 961 $aLascito: Colombo Card. Giovanni 996 $6245$aGiovanni di Dio e Camillo De Lellis Santi, del nostro tempo$9(OLS)http://semarc/title/238802 996 $6260$a[S.l. :$bs.n.]$9(OLS)http://semarc/publisher/29751 LEADER 01207nam a2200277 i 4500 001 000000245096 003 CaOOAMICUS 005 20151015000000.0 008 151015s2007 sp u000 u spa u 013 $a224001 020 $a978-84-9805-225-1 040 $aSeMil$bita 100 1 $aFontbona, Jaume.$0(OLS)http://semarc/name/42808 240 13$aLa cena del Senyor, misteri de comunió.$0(OLS)http://semarc/title/346865 245 13$aLa Cena del Señor, misterio de comunión /$cJaume Fontbona. 260 $aBarcelona :$bCentre de Pastoral Litúrgica,$c2007. 300 $a281 p. ;$c23 cm. 490 0 $aBiblioteca litúrgica ;$v32 650 4$aEucaristia - Teologia liturgica.$0(OLS)http://semarc/subject/385 830 0$aBiblioteca litúrgica ;$v32.$0(OLS)http://semarc/title/18205 850 $aSeMil 852 $aSeMil$W1$xVenegono$y1$m2B V 67$j195442$B195442$CSeMilBibl$Z2$F206838 $81 961 $aOmaggio: Caspani don Pierpaolo 996 $6020$a978-84-9805-225-1$9(OLS)http://semarc/number/253597 996 $6245$aLa Cena del Señor, misterio de comunión$9(OLS)http://semarc/title/346864 996 $6260$aBarcelona :$bCentre de Pastoral Litúrgica$9(OLS)http://semarc/publisher/30815